Quiz van België 🇧🇪 - Statistieken

Algemene statistieken
  • Deze quiz is 132 keer genomen
  • De gemiddelde score is 8 van 10
Antwoordstatistieken
Vraag Antwoord % Correct
Wie is de Belgische koning(in)? (= koning(in) der Belgen) koning Filip I
90%
Hoeveel officiële talen hebben we in België? 3
88%
Welk geloof (=religie) hebben de meeste Belgen? Katholicisme (= deel van het Christendom)
85%
Hoe heet het beroemde Belgische dancefestival dat jaarlijks in Boom plaatsvindt en een eigen attractie heeft in Plopsaland de Panne? Tomorrowland
85%
In welk jaar werd België onafhankelijk van Nederland (= Wanneer is België opgericht) ? 1830
81%
Welk wereldrecord brak België in 2011? langste periode zonder regering
81%
Welke Belgische universiteit is de oudste van het land? KU leuven
77%
Wat is de oppervlakte van België? 30.528 km²
71%
Wat is de populairste vakantiebestemming voor de Belgen? Frankrijk
63%
In welk jaar werd de euro officieel de munteenheid van België? 2002
42%
Geen overeenkomende quizzen gevonden
Scoreverdeling
Procent van Mensen met Elke Score
Percentiel versus Aantal Correcte Antwoorden
Uw Scoregeschiedenis
U heeft deze quiz nog niet genomen